Java : an Object-Oriented Language

Bibliographic Details
Main Author: Smith, Michael A.
Format: Book
Language:English
Published: London : McGraw-Hill , C2000
Series:Computer science series
Subjects:

MARC

LEADER 00000cam a2200000 7i4500
001 0000009518
005 20230622.0
008 010805 enk eng
020 |a 0077094603 (pbk) 
040 |a INS 
090 0 0 |a QA76.73.J38   |b .S66 2000 
100 1 |a Smith, Michael A. 
245 1 0 |a Java :   |b an Object-Oriented Language   |c by Michael A. Smith 
260 |a London :   |b McGraw-Hill ,   |c C2000 
300 |a 474 p. :   |b ill. ;   |c 24 cm. 
440 0 |a Computer science series 
500 |a Includes index 
650 0 |a JAVA   |x Computer program language 
650 0 |a Object oriented programming 
650 0 |a Structured Programming 
999 |a 0000021999   |b BOOK   |c Open Shelf   |e Default branch